LIBRARY & INFORMATION CENTRE, KCAET, TAVANUR

ONLINE PUBLIC ACCESS CATALOGUE (OPAC)

Aithihya Mala, Part 6 / (Record no. 6578)

MARC details
000 -LEADER
fixed length control field 00625cam a2200157ua 4500
041 ## - LANGUAGE CODE
Language code of text/sound track or separate title mal
082 ## - DEWEY DECIMAL CLASSIFICATION NUMBER
Classification number 894.812 301
Item number SAN/AI
100 ## - MAIN ENTRY--AUTHOR NAME
Personal name Sankunny, Kottarathil .
245 ## - TITLE STATEMENT
Title Aithihya Mala, Part 6 /
250 ## - EDITION STATEMENT
Edition statement 1 /
300 ## - PHYSICAL DESCRIPTION
Number of Pages 24 ; .
942 ## - ADDED ENTRY ELEMENTS (KOHA)
Koha item type Books
Holdings
Withdrawn status Lost status Damaged status Home library Current library Date acquired Full call number Accession Number Koha item type Public note
Withdrawn     KAUAET KAUAET 07/04/2012 894.812 301 9245 Books Deleted
free website counter